The Sky Phantom (Record no. 8880)

MARC details
000 -LEADER
fixed length control field 01031nam a22002177a 4500
003 - CONTROL NUMBER IDENTIFIER
control field OSt
005 - DATE AND TIME OF LATEST TRANSACTION
control field 20260310080522.0
008 - FIXED-LENGTH DATA ELEMENTS--GENERAL INFORMATION
fixed length control field 260310b |||||||| |||| 00| 0 eng d
020 ## - INTERNATIONAL STANDARD BOOK NUMBER
International Standard Book Number 9780448095530
040 ## - CATALOGING SOURCE
Original cataloging agency DWCL GS lib
Transcribing agency OC
082 ## - DEWEY DECIMAL CLASSIFICATION NUMBER
Classification number Fic. K26s 1976
100 ## - MAIN ENTRY--PERSONAL NAME
Personal name Keene Carolyn
245 ## - TITLE STATEMENT
Title The Sky Phantom
Statement of responsibility, etc. Carolyn Keene
260 ## - PUBLICATION, DISTRIBUTION, ETC.
Place of publication, distribution, etc. New York
Name of publisher, distributor, etc. Carolyn Keene
Date of publication, distribution, etc. 1976
300 ## - PHYSICAL DESCRIPTION
Extent Extent- vii, 180 pages:
Other physical details illustrations ;
Dimensions 20CM
520 ## - SUMMARY, ETC.
Summary, etc. follows teenage detective Nancy Drew as she investigates a hijacked plane, a missing pilot, and a stolen horse while taking flying lessons in the Midwest
650 ## - SUBJECT ADDED ENTRY--TOPICAL TERM
Topical term or geographic name entry element the 53rd Nancy Drew Mystery Story published in 1975, where the "phantom" is not a supernatural entity but an elusive criminal, potentially a pilot, involved in hijacking planes and stealing horses.
650 ## - SUBJECT ADDED ENTRY--TOPICAL TERM
Topical term or geographic name entry element (Nancy Drew Mystery #53) revolve around the value of perseverance, critical thinking, and courage in the face of daunting, unknown dangers.
700 ## - ADDED ENTRY--PERSONAL NAME
Personal name Carolyn Keene
942 ## - ADDED ENTRY ELEMENTS (KOHA)
Source of classification or shelving scheme Dewey Decimal Classification
Koha item type Fiction
Suppress in OPAC No

No items available.